[Event "Sitges Sunway op 3rd"]
[Site "Sitges"]
[Date "2016.12.23"]
[Round "9"]
[White "Olivares, Francisco"]
[Black "Satyapragyan, Swayangsu"]
[Result "1/2-1/2"]
[WhiteElo "2336"]
[BlackElo "2462"]
[PlyCount "115"]
[EventDate "2016.12.16"]
[EventType "swiss"]
[EventRounds "9"]
[EventCountry "ESP"]
[SourceTitle "CBM 176 Extra"]
[Source "ChessBase"]
[SourceDate "2017.03.02"]
[SourceVersion "1"]
[SourceVersionDate "2017.03.02"]
[SourceQuality "1"]

1. d4 Nf6 2. c4 e6 3. Nc3 Bb4 4. e3 b6 5. Bd3 Bb7 6. Nf3 0-0 7. 0-0 c5 8. Na4 cxd4 9. a3 Be7 10. exd4 d5 11. Re1 Nbd7 12. Nc3 Rc8 13. cxd5 Nxd5 14. Ne4 N5f6 15. Ng3 Re8 16. Qe2 Bf8 17. Bg5 h6 18. Bd2 g6 19. Rad1 Bg7 20. h4 Qc7 21. h5 g5 22. Ne5 Nxe5 23. dxe5 Nd7 24. Bc3 Nc5 25. Bb1 Qc6 26. f3 Na4 27. Bb4 Qc4 28. Qxc4 Rxc4 29. b3 Rxb4 30. axb4 Nc3 31. Rd7 Bd5 32. Bc2 Rc8 33. Nf1 Na2 34. Ne3 Nxb4 35. Nxd5 Nxd5 36. Bd3 Nf4 37. Bc4 Nxh5 38. Rxa7 Nf4 39. Rb7 Bf8 40. g3 Ng6 41. Kf1 Bc5 42. f4 gxf4 43. gxf4 Nxf4 44. Re4 Nh3 45. Rh4 Ng5 46. Rxh6 Ra8 47. Rf6 Ra1+ 48. Ke2 Rg1 49. Rf4 Rg2+ 50. Kd3 Rg3+ 51. Kc2 Re3 52. b4 Bxb4 53. Bxe6 Nxe6 54. Rxb4 Rxe5 55. R7xb6 Kg7 56. Kd1 Kg6 57. R4b5 Rxb5 58. Rxb5 1/2-1/2

[Event "Sitges Sunway op 3rd"]
[Site "Sitges"]
[Date "2016.12.18"]
[Round "4"]
[White "Kamsky, Gata"]
[Black "Olivares, Francisco"]
[Result "1-0"]
[WhiteElo "2661"]
[BlackElo "2336"]
[PlyCount "81"]
[EventDate "2016.12.16"]
[EventType "swiss"]
[EventRounds "9"]
[EventCountry "ESP"]
[SourceTitle "CBM 176 Extra"]
[Source "ChessBase"]
[SourceDate "2017.03.02"]
[SourceVersion "1"]
[SourceVersionDate "2017.03.02"]
[SourceQuality "1"]

1. e4 e5 2. Nf3 Nc6 3. Bb5 a6 4. Ba4 Nf6 5. 0-0 Be7 6. Re1 b5 7. Bb3 0-0 8. d4 d6 9. c3 Bg4 10. d5 Na5 11. Bc2 Qc8 12. h3 Bd7 13. Nbd2 c6 14. dxc6 Qxc6 15. Nf1 Rac8 16. Bg5 Nc4 17. b3 Nb6 18. Re3 Qb7 19. Ng3 Be6 20. Rd3 h6 21. Bxf6 Bxf6 22. Nh2 Rfd8 23. Ng4 Bg5 24. Qe2 Nd7 25. Rad1 Nf6 26. Nxe5 Re8 27. Nf3 Bf4 28. Nd4 Bd7 29. Rf3 Nd5 30. Qe1 Bxg3 31. Rxg3 Qc7 32. Qd2 Nxc3 33. Qxh6 g6 34. Re1 d5 35. e5 Ne4 36. Bxe4 Rxe5 37. Rxg6+ fxg6 38. Qxg6+ Kf8 39. Qf6+ Kg8 40. Bh7+ Kxh7 41. Rxe5 1-0

[Event "Sitges Sunway op 3rd"]
[Site "Sitges"]
[Date "2016.12.17"]
[Round "2"]
[White "Vorobiov, Evgeny E"]
[Black "Olivares, Francisco"]
[Result "1-0"]
[WhiteElo "2583"]
[BlackElo "2336"]
[PlyCount "87"]
[EventDate "2016.12.16"]
[EventType "swiss"]
[EventRounds "9"]
[EventCountry "ESP"]
[SourceTitle "CBM 176 Extra"]
[Source "ChessBase"]
[SourceDate "2017.03.02"]
[SourceVersion "1"]
[SourceVersionDate "2017.03.02"]
[SourceQuality "1"]

1. Nf3 Nf6 2. g3 d5 3. Bg2 e6 4. 0-0 Be7 5. d3 0-0 6. Nbd2 c5 7. e4 Nc6 8. Re1 b5 9. e5 Nd7 10. Nf1 Qc7 11. Bf4 Bb7 12. h4 Rfc8 13. N1h2 Qd8 14. h5 h6 15. Qd2 Bf8 16. g4 Ne7 17. g5 Nf5 18. Bh3 Rc6 19. gxh6 gxh6 20. Bxf5 exf5 21. Bg3 Be7 22. Qf4 Bc8 23. Bh4 Nf8 24. Kh1 d4 25. Bxe7 Qxe7 26. Rg1+ Kh7 27. Qg3 Ng6 28. hxg6+ fxg6 29. e6 Rxe6 30. Rae1 g5 31. Rxe6 Bxe6 32. Re1 Re8 33. Kg1 b4 34. Qe5 g4 35. Nd2 Qg5 36. Qc7+ Re7 37. Qd6 Rg7 38. Rxe6 Qxd2 39. Nf1 Qg5 40. Ng3 h5 41. Rf6 h4 42. Nxf5 Qc1+ 43. Kg2 h3+ 44. Kh2 1-0

[Event "Sabadell op-A 9th"]
[Site "Sabadell"]
[Date "2016.09.06"]
[Round "6"]
[White "Olivares, Francisco"]
[Black "Rahal, Michael"]
[Result "1-0"]
[WhiteElo "2278"]
[BlackElo "2338"]
[PlyCount "110"]
[EventDate "2016.09.01"]
[EventType "swiss"]
[EventRounds "9"]
[EventCountry "ESP"]
[SourceTitle "CBM 174 Extra"]
[Source "ChessBase"]
[SourceDate "2016.10.10"]
[SourceVersion "1"]
[SourceVersionDate "2016.10.10"]
[SourceQuality "1"]

1. d4 e6 2. c4 Bb4+ 3. Nc3 f5 4. e3 Nf6 5. Nge2 Ne4 6. Qc2 b6 7. a3 Bxc3+ 8. Nxc3 Bb7 9. b3 0-0 10. Bb2 d6 11. Bd3 Nxc3 12. Bxc3 Nd7 13. f3 Qh4+ 14. Qf2 Qxf2+ 15. Kxf2 e5 16. dxe5 Nxe5 17. Bc2 Rae8 18. h4 a5 19. a4 h5 20. Rhe1 Nd7 21. Rad1 Nc5 22. Rd4 Re7 23. b4 axb4 24. Bxb4 Nd7 25. Rf4 g6 26. a5 bxa5 27. Bxa5 Nc5 28. Rd4 Ra8 29. Ra1 Rae8 30. Ra3 Ne6 31. Rd1 Kf7 32. Rb1 Bc6 33. Bd2 Ra8 34. Rxa8 Bxa8 35. Ra1 Bc6 36. Ra6 Bb7 37. Ra7 c5 38. Bb3 Nd8 39. Bc3 Nc6 40. Ra1 Re8 41. Rd1 Ke6 42. Kg3 Ra8 43. Kf4 Ra3 44. Rb1 Ne7 45. Kg5 d5 46. Bf6 Ng8 47. cxd5+ Bxd5 48. Bxd5+ Kxd5 49. Rd1+ Ke6 50. Bd8 c4 51. Kxg6 Rxe3 52. Kxh5 c3 53. Bg5 Nf6+ 54. Kg6 c2 55. Rc1 Kd5 1-0

[Event "Sabadell op-A 9th"]
[Site "Sabadell"]
[Date "2016.09.05"]
[Round "5"]
[White "Dominguez Pons, Eric"]
[Black "Olivares, Francisco"]
[Result "0-1"]
[WhiteElo "2391"]
[BlackElo "2278"]
[PlyCount "78"]
[EventDate "2016.09.01"]
[EventType "swiss"]
[EventRounds "9"]
[EventCountry "ESP"]
[SourceTitle "CBM 174 Extra"]
[Source "ChessBase"]
[SourceDate "2016.10.10"]
[SourceVersion "1"]
[SourceVersionDate "2016.10.10"]
[SourceQuality "1"]

1. d4 Nf6 2. Bg5 d5 3. Bxf6 exf6 4. e3 Bd6 5. Nc3 c6 6. Bd3 0-0 7. Nge2 Re8 8. Ng3 a5 9. 0-0 g6 10. e4 dxe4 11. Bxe4 Nd7 12. Qd3 a4 13. Rad1 Qa5 14. Bf3 f5 15. Rfe1 Rd8 16. a3 Nb6 17. Nf1 Be6 18. d5 cxd5 19. Nb5 Nc4 20. Nxd6 Rxd6 21. Qd4 Qb6 22. Qf4 Qxb2 23. Ne3 Nxe3 24. Rxe3 Rc6 25. h4 Rxc2 26. Bxd5 Rc1 27. Qf3 Rxd1+ 28. Qxd1 Rc8 29. Re1 Bxd5 30. Qxd5 Qxa3 31. Qd4 h5 32. Kh2 b5 33. Re5 b4 34. Qd7 Qc3 35. Re7 Rf8 36. Qxa4 Qd4 37. Kg1 Qxh4 38. Rb7 Rc8 39. Qd1 Qf4 0-1

[Event "Sabadell op-A 9th"]
[Site "Sabadell"]
[Date "2016.09.02"]
[Round "2"]
[White "Olivares, Francisco"]
[Black "Garcia Marin, Guillem"]
[Result "1-0"]
[WhiteElo "2278"]
[BlackElo "2062"]
[PlyCount "95"]
[EventDate "2016.09.01"]
[EventType "swiss"]
[EventRounds "9"]
[EventCountry "ESP"]
[SourceTitle "CBM 174 Extra"]
[Source "ChessBase"]
[SourceDate "2016.10.10"]
[SourceVersion "1"]
[SourceVersionDate "2016.10.10"]
[SourceQuality "1"]

1. d4 Nf6 2. c4 g6 3. Nc3 d5 4. cxd5 Nxd5 5. e4 Nxc3 6. bxc3 Bg7 7. Bc4 c5 8. Ne2 Nc6 9. Be3 0-0 10. 0-0 Qc7 11. Rc1 b6 12. Qd2 Bb7 13. Bh6 Rad8 14. Bxg7 Kxg7 15. Qe3 e5 16. d5 Na5 17. Bd3 Qe7 18. f4 f6 19. c4 Ba6 20. Rc3 Bc8 21. Ra3 Ba6 22. Ra4 Rc8 23. Qg3 Rce8 24. f5 Rg8 25. fxg6 hxg6 26. Nc3 Qd6 27. Be2 Rh8 28. h3 Ref8 29. Nd1 Qd7 30. Qa3 Qc7 31. Ne3 Bc8 32. Bg4 Bxg4 33. Nxg4 Rf7 34. Qd3 Qd6 35. Rf2 Rh5 36. Qc3 Rh8 37. Ra3 Re8 38. Qc1 Rh8 39. Raf3 f5 40. exf5 e4 41. Qc3+ Kg8 42. fxg6 Rxf3 43. Rxf3 exf3 44. Nf6+ Kf8 45. g7+ Ke7 46. gxh8Q f2+ 47. Kxf2 Qf4+ 48. Kg1 1-0

[Event "Badalona op 42nd"]
[Site "Badalona"]
[Date "2016.08.09"]
[Round "8"]
[White "Olivares, Francisco"]
[Black "Neelotpal, Das"]
[Result "1-0"]
[WhiteElo "2314"]
[BlackElo "2472"]
[PlyCount "89"]
[EventDate "2016.08.02"]
[EventType "swiss"]
[EventRounds "9"]
[EventCountry "ESP"]
[SourceTitle "CBM 173 Extra"]
[Source "ChessBase"]
[SourceDate "2016.08.29"]
[SourceVersion "1"]
[SourceVersionDate "2016.08.29"]
[SourceQuality "1"]

1. d4 Nf6 2. c4 e6 3. Nc3 Bb4 4. e3 0-0 5. Bd3 c5 6. Nf3 d5 7. 0-0 Nc6 8. a3 Bxc3 9. bxc3 dxc4 10. Bxc4 Qc7 11. h3 e5 12. Ba2 Bf5 13. d5 Rad8 14. c4 Na5 15. Bb2 Nd7 16. Qe2 Rfe8 17. e4 Bg6 18. Nh4 Nf8 19. Rae1 b6 20. f4 f6 21. fxe5 fxe5 22. Qg4 Nb7 23. Nf5 Nd6 24. h4 Nd7 25. Nxg7 Kxg7 26. h5 Nf6 27. h6+ Kf7 28. Rxf6+ Kxf6 29. Rf1+ Bf5 30. Rxf5+ Nxf5 31. Qxf5+ Ke7 32. Bxe5 Rd6 33. Qxh7+ Kd8 34. Qxc7+ Kxc7 35. h7 Kd7 36. h8Q Rxh8 37. Bxh8 Rg6 38. Be5 a6 39. a4 Rg8 40. Bf4 Ra8 41. e5 b5 42. e6+ Ke7 43. cxb5 axb5 44. d6+ Kf6 45. Bd5 1-0

[Event "Badalona op 42nd"]
[Site "Badalona"]
[Date "2016.08.07"]
[Round "6"]
[White "Arenas Vanegas, David"]
[Black "Olivares, Francisco"]
[Result "1-0"]
[WhiteElo "2490"]
[BlackElo "2314"]
[PlyCount "107"]
[EventDate "2016.08.02"]
[EventType "swiss"]
[EventRounds "9"]
[EventCountry "ESP"]
[SourceTitle "CBM 173 Extra"]
[Source "ChessBase"]
[SourceDate "2016.08.29"]
[SourceVersion "1"]
[SourceVersionDate "2016.08.29"]
[SourceQuality "1"]

1. e4 e5 2. Nf3 Nc6 3. Bb5 a6 4. Ba4 Nf6 5. Qe2 b5 6. Bb3 Bc5 7. c3 0-0 8. d3 d6 9. Nbd2 Bb6 10. h3 Na5 11. Bc2 c5 12. Nf1 Nc6 13. g4 d5 14. Bg5 d4 15. Ng3 Qd6 16. cxd4 Ba5+ 17. Kf1 Nxd4 18. Nxd4 cxd4 19. Nf5 Bxf5 20. gxf5 h6 21. Bc1 Rac8 22. Bb3 Rc7 23. Rg1 Kh8 24. Kg2 Rfc8 25. Kh2 Nh7 26. Qg4 Qf6 27. a3 Rc5 28. Qh5 R8c7 29. Kh1 R5c6 30. Rb1 Rc5 31. Kh2 R5c6 32. Qg4 Rc8 33. Qh5 R8c7 34. Qf3 Rc8 35. Bd5 Rc2 36. Bb3 R2c6 37. Qg3 Rc5 38. Bd5 Rc2 39. b4 Bd8 40. Bb3 R2c6 41. Bd2 Be7 42. Qg4 Bf8 43. Rg2 R8c7 44. Rbg1 Rc3 45. Bxc3 Rxc3 46. Qd1 Kg8 47. Rg4 h5 48. Rg6 Qh4 49. R1g3 Nf6 50. Kg2 Rc7 51. Rxf6 Qxf6 52. Qxh5 Qd8 53. Rg6 Be7 54. Rxg7+ 1-0

[Event "Villa de Gijon op 2nd"]
[Site "Gijon"]
[Date "2016.07.12"]
[Round "7"]
[White "Olivares, Francisco"]
[Black "Suarez Garcia, Carlos"]
[Result "0-1"]
[WhiteElo "2322"]
[BlackElo "2417"]
[PlyCount "138"]
[EventDate "2016.07.07"]
[EventType "swiss"]
[EventRounds "9"]
[EventCountry "ESP"]
[SourceTitle "EXT 2017"]
[Source "ChessBase"]
[SourceDate "2016.10.25"]
[SourceVersion "1"]
[SourceVersionDate "2016.10.25"]
[SourceQuality "1"]

1. d4 d6 2. c4 e5 3. d5 f5 4. e4 fxe4 5. Nc3 Nf6 6. Nge2 Bf5 7. Ng3 Bg6 8. Bg5 Nbd7 9. h4 h6 10. Bxf6 Nxf6 11. c5 dxc5 12. Bb5+ Kf7 13. h5 Bh7 14. d6 Bxd6 15. Qb3+ Kf8 16. Bc4 Rb8 17. a4 a6 18. Rd1 b5 19. axb5 axb5 20. Nxb5 Bg8 21. Bxg8 Rxg8 22. Qc4 Qd7 23. Nc3 Qg4 24. Nd5 Nxd5 25. Rxd5 Rb4 26. Qc2 Ke7 27. Rxc5 Rgb8 28. Rxc7+ Bxc7 29. Qxc7+ Kf8 30. Qxe5 Rxb2 31. 0-0 Rb1 32. Qd5 Rxf1+ 33. Nxf1 Rc8 34. Qb3 Re8 35. Qd5 Qe6 36. Qc5+ Kg8 37. Ne3 Rc8 38. Qd4 Rc1+ 39. Kh2 Rc8 40. g3 Re8 41. Ng2 Qe5 42. Qc4+ Kh7 43. Qe2 Rf8 44. Nh4 Qd4 45. Kg2 Qd5 46. Kg1 Ra8 47. Ng2 Qd3 48. Qg4 Qf3 49. Qg6+ Kh8 50. Ne1 Qe2 51. Ng2 Qf3 52. Ne1 Qe2 53. Ng2 Rf8 54. Nf4 Qd1+ 55. Kh2 Qf3 56. Kg1 e3 57. fxe3 Qxe3+ 58. Kg2 Qd2+ 59. Kf3 Qd5+ 60. Kg4 Qd7+ 61. Kh4 Qf5 62. Qd6 Qf6+ 63. Qxf6 Rxf6 64. Nd5 Rf1 65. Ne7 Re1 66. Nf5 Kg8 67. g4 Kf7 68. g5 Rh1+ 69. Kg4 Rg1+ 0-1

[Event "Villa de Gijon op 2nd"]
[Site "Gijon"]
[Date "2016.07.10"]
[Round "5"]
[White "Villemur Tamarit, Juan"]
[Black "Olivares, Francisco"]
[Result "0-1"]
[WhiteElo "2121"]
[BlackElo "2322"]
[PlyCount "71"]
[EventDate "2016.07.07"]
[EventType "swiss"]
[EventRounds "9"]
[EventCountry "ESP"]
[SourceTitle "EXT 2017"]
[Source "ChessBase"]
[SourceDate "2016.10.25"]
[SourceVersion "1"]
[SourceVersionDate "2016.10.25"]
[SourceQuality "1"]

1. d4 Nf6 2. Nf3 e6 3. c4 c5 4. e3 cxd4 5. exd4 b6 6. Be2 Bb7 7. Nc3 Bb4 8. 0-0 0-0 9. Bf4 Bxc3 10. bxc3 d5 11. Rc1 dxc4 12. Bxc4 Ba6 13. Bxa6 Nxa6 14. Qe2 Nb8 15. Rfd1 Nc6 16. Ne5 Rc8 17. c4 Ne7 18. h3 Ng6 19. Bg3 Nd7 20. Nf3 Re8 21. h4 Qe7 22. h5 Ngf8 23. Qb2 Qf6 24. Qb5 Qh6 25. Nh2 Nf6 26. Bd6 Qxh5 27. Qxh5 Nxh5 28. c5 Nf6 29. f3 Rc6 30. Rc3 N8d7 31. Nf1 Rec8 32. Rdc1 Nd5 33. Rc4 h5 34. Kf2 b5 35. R4c2 Nb4 36. Rb1 0-1

[Event "Villa de Gijon op 2nd"]
[Site "Gijon"]
[Date "2016.07.08"]
[Round "2"]
[White "Olivares, Francisco"]
[Black "Lobo Rodriguez, Jesus Angel"]
[Result "1-0"]
[WhiteElo "2322"]
[BlackElo "2158"]
[PlyCount "79"]
[EventDate "2016.07.07"]
[EventType "swiss"]
[EventRounds "9"]
[EventCountry "ESP"]
[SourceTitle "EXT 2017"]
[Source "ChessBase"]
[SourceDate "2016.10.25"]
[SourceVersion "1"]
[SourceVersionDate "2016.10.25"]
[SourceQuality "1"]

1. d4 d5 2. c4 e6 3. Nc3 Nf6 4. cxd5 exd5 5. Bg5 Be7 6. e3 c6 7. Bd3 Nbd7 8. Nf3 h6 9. Bh4 Nh5 10. Bxe7 Qxe7 11. 0-0 Nhf6 12. Qc2 0-0 13. Rab1 a5 14. a3 Re8 15. b4 axb4 16. axb4 Ne4 17. b5 Ra3 18. Rb3 Rxb3 19. Qxb3 Ndf6 20. bxc6 bxc6 21. h3 Bf5 22. Qc2 Qe6 23. Ne2 g5 24. Ne5 Rc8 25. Ra1 Nd7 26. Nxd7 Qxd7 27. g4 Bh7 28. f3 Nf6 29. Bxh7+ Nxh7 30. Ng3 Qe6 31. Nf5 Nf8 32. Ra6 Kh8 33. Kf2 Nd7 34. h4 gxh4 35. Ra1 c5 36. Rh1 Nf8 37. Rxh4 cxd4 38. Qb2 Ng6 39. Qxd4+ Kg8 40. Qg7# 1-0

[Event "Bogota University op 9th"]
[Site "Bogota"]
[Date "2015.10.10"]
[Round "6"]
[White "Garavito, Miguel Angel"]
[Black "Olivares, Francisco"]
[Result "1/2-1/2"]
[WhiteElo "2256"]
[BlackElo "2329"]
[PlyCount "112"]
[EventDate "2015.10.08"]
[EventType "swiss"]
[EventRounds "9"]
[EventCountry "COL"]
[SourceTitle "CBM 168 Extra"]
[Source "ChessBase"]
[SourceDate "2015.10.29"]
[SourceVersion "1"]
[SourceVersionDate "2015.10.29"]
[SourceQuality "1"]

1. Nf3 Nf6 2. c4 e6 3. g3 d5 4. d4 Be7 5. Bg2 0-0 6. 0-0 dxc4 7. Qc2 a6 8. a4 Bd7 9. Qxc4 Bc6 10. Qc2 Be4 11. Qd1 c5 12. dxc5 Bxc5 13. Nc3 Bc6 14. Qc2 Nbd7 15. Bf4 Rc8 16. e4 h6 17. Rfe1 Ng4 18. Re2 e5 19. Bd2 b5 20. h3 Ngf6 21. axb5 axb5 22. Qb3 b4 23. Nd5 Bb5 24. Ree1 Bc4 25. Nxf6+ Qxf6 26. Qa4 Nb6 27. Qa5 Rc6 28. Bxb4 Ra8 29. Qxc5 Rxc5 30. Rxa8+ Nxa8 31. Bxc5 Nc7 32. Nd2 Bb5 33. Bf1 Qe6 34. Bxb5 Nxb5 35. Nf3 f6 36. Kg2 Qb3 37. Ba3 Nxa3 38. bxa3 Qxa3 39. Re3 Qb4 40. Nh4 Kf7 41. g4 g6 42. Nf3 Qc4 43. Re1 Qc6 44. Re3 g5 45. Ng1 Ke6 46. Ne2 h5 47. Ng3 h4 48. Ne2 Qa6 49. Nc3 Kd6 50. Rf3 Kc5 51. Nd5 Kd4 52. Nxf6 Qe6 53. Rf5 Qc6 54. Rf3 Qe6 55. Nh7 Qe7 56. Nf6 Qe6 1/2-1/2

[Event "Bogota University op 9th"]
[Site "Bogota"]
[Date "2015.10.10"]
[Round "5"]
[White "Olivares, Francisco"]
[Black "Aguero Jimenez, Luis Lazaro"]
[Result "0-1"]
[WhiteElo "2329"]
[BlackElo "2459"]
[PlyCount "92"]
[EventDate "2015.10.08"]
[EventType "swiss"]
[EventRounds "9"]
[EventCountry "COL"]
[SourceTitle "CBM 168 Extra"]
[Source "ChessBase"]
[SourceDate "2015.10.29"]
[SourceVersion "1"]
[SourceVersionDate "2015.10.29"]
[SourceQuality "1"]

1. d4 Nf6 2. c4 g6 3. Nc3 Bg7 4. e4 d6 5. Nf3 0-0 6. h3 e5 7. d5 a5 8. g4 Na6 9. Be3 Nc5 10. Nd2 c6 11. Be2 Nfd7 12. h4 a4 13. g5 Qa5 14. Qc2 a3 15. b3 Nb8 16. f3 Nba6 17. Ndb1 cxd5 18. cxd5 Nb4 19. Qd1 b6 20. 0-0 Ba6 21. Bxa6 Qxa6 22. Na4 Nd7 23. Bd2 b5 24. Bxb4 bxa4 25. Bxa3 f6 26. Nd2 fxg5 27. hxg5 Qb6+ 28. Rf2 Qe3 29. Bxd6 Qxg5+ 30. Kf1 Rf7 31. Ke2 Bf8 32. Bxf8 Raxf8 33. Rc1 axb3 34. axb3 Nf6 35. Qg1 Qh6 36. Rh2 Nh5 37. Kd1 Qg7 38. Rxh5 gxh5 39. Qh2 Qg5 40. Ke2 Rg7 41. Rh1 Rc8 42. Kd3 Qe7 43. Qxh5 Qc5 44. Rh2 Qb5+ 45. Ke3 Rc3+ 46. Kf2 Qc5+ 0-1

[Event "Bogota University op 9th"]
[Site "Bogota"]
[Date "2015.10.08"]
[Round "2"]
[White "Olivares, Francisco"]
[Black "Salcedo, Jackeline"]
[Result "1-0"]
[WhiteElo "2329"]
[BlackElo "2039"]
[PlyCount "61"]
[EventDate "2015.10.08"]
[EventType "swiss"]
[EventRounds "9"]
[EventCountry "COL"]
[SourceTitle "CBM 168 Extra"]
[Source "ChessBase"]
[SourceDate "2015.10.29"]
[SourceVersion "1"]
[SourceVersionDate "2015.10.29"]
[SourceQuality "1"]

1. d4 d5 2. c4 c6 3. Nf3 e6 4. Nc3 dxc4 5. a4 Bb4 6. e4 b5 7. Be2 Bb7 8. 0-0 a6 9. Qc2 Nf6 10. Rd1 Nbd7 11. Bg5 Qb6 12. e5 Nd5 13. Ne4 h6 14. Bh4 g5 15. Bg3 0-0-0 16. b3 cxb3 17. Qxb3 Be7 18. Ne1 h5 19. h3 Rdg8 20. Rac1 b4 21. Nd3 a5 22. Nb2 Kb8 23. Nc4 Qd8 24. Ncd6 Rh7 25. Nxb7 Kxb7 26. Qc2 Nb8 27. Nd6+ Bxd6 28. Qxh7 Be7 29. Bxh5 Nc3 30. Re1 Nxa4 31. Qxf7 1-0

[Event "Sabadell op 8th"]
[Site "Sabadell"]
[Date "2015.09.09"]
[Round "8"]
[White "Olivares, Francisco"]
[Black "Ramirez Garcia, Jorge Alberto"]
[Result "1-0"]
[WhiteElo "2352"]
[BlackElo "2279"]
[PlyCount "61"]
[EventDate "2015.09.02"]
[EventType "swiss"]
[EventRounds "9"]
[EventCountry "ESP"]
[SourceTitle "EXT 2016"]
[Source "ChessBase"]
[SourceDate "2015.10.08"]
[SourceVersion "1"]
[SourceVersionDate "2015.10.08"]
[SourceQuality "1"]

1. d4 d5 2. c4 c6 3. Nf3 Nf6 4. Nc3 e6 5. Bg5 Nbd7 6. e3 Qa5 7. cxd5 Nxd5 8. Rc1 h6 9. Bh4 b6 10. e4 Nxc3 11. bxc3 Qxa2 12. Bd3 Qa5 13. 0-0 Be7 14. Bxe7 Kxe7 15. e5 Rd8 16. Qe2 f5 17. exf6+ gxf6 18. d5 cxd5 19. Nd4 Ne5 20. f4 Nxd3 21. Nc6+ Kd6 22. Nxa5 Nxc1 23. Rxc1 bxa5 24. c4 Ke7 25. Qg4 Ba6 26. cxd5 exd5 27. Qg7+ Ke6 28. Rc6+ Kf5 29. Qxf6+ Ke4 30. Qe5+ Kd3 31. Rc3+ 1-0

[Event "Barcelona Sants op 17th"]
[Site "Barcelona"]
[Date "2015.08.23"]
[Round "3"]
[White "Olivares, Francisco"]
[Black "Blasco Coll, Andreu"]
[Result "1-0"]
[WhiteElo "2305"]
[BlackElo "2088"]
[PlyCount "64"]
[EventDate "2015.08.21"]
[EventType "swiss"]
[EventRounds "10"]
[EventCountry "ESP"]
[SourceTitle "EXT 2016"]
[Source "ChessBase"]
[SourceDate "2015.10.08"]
[SourceVersion "1"]
[SourceVersionDate "2015.10.08"]
[SourceQuality "1"]

1. d4 d5 2. c4 c6 3. Nf3 Nf6 4. Nc3 e6 5. e3 Nbd7 6. Qc2 Bd6 7. Be2 dxc4 8. Bxc4 0-0 9. 0-0 b5 10. Bd3 Bb7 11. Bd2 Rc8 12. a3 c5 13. Nxb5 cxd4 14. Qb1 Bb8 15. Bb4 Bxf3 16. gxf3 Nd5 17. Bxh7+ Kh8 18. Bxf8 Qg5+ 19. Kh1 Nxf8 20. Rg1 Qh5 21. Rg2 Nxh7 22. Nxd4 Be5 23. Qd3 Nhf6 24. f4 Bxf4 25. exf4 Nxf4 26. Qf3 Qe5 27. Nc6 Qxb2 28. Rgg1 N6d5 29. Rab1 Qc2 30. Qg4 g6 31. Nb4 Qxf2 32. Nxd5 Rc2 1-0

[Event "Badalona op 41st"]
[Site "Badalona"]
[Date "2015.08.06"]
[Round "5"]
[White "Panelo Munoz, Marcelo A"]
[Black "Olivares, Francisco"]
[Result "1/2-1/2"]
[WhiteElo "2418"]
[BlackElo "2305"]
[PlyCount "144"]
[EventDate "2015.08.02"]
[EventType "swiss"]
[EventRounds "9"]
[EventCountry "ESP"]
[SourceTitle "CBM 167 Extra"]
[Source "ChessBase"]
[SourceDate "2015.09.14"]
[SourceVersion "1"]
[SourceVersionDate "2015.09.14"]
[SourceQuality "1"]

1. d4 Nf6 2. c4 e6 3. Nc3 Bb4 4. e3 0-0 5. Bd3 d5 6. cxd5 exd5 7. Nge2 c6 8. Bd2 Re8 9. Rc1 Nbd7 10. 0-0 Nf8 11. Ng3 g6 12. Qe1 Bd6 13. f3 Ne6 14. Nge2 Bf8 15. Qh4 Be7 16. Qf2 c5 17. dxc5 Nxc5 18. Bb1 Qb6 19. Nd4 Bd7 20. Be1 Rac8 21. Qd2 Ne6 22. Bf2 Nxd4 23. exd4 Bd6 24. a3 Bc6 25. g3 Bf8 26. Rfe1 Bg7 27. Ba2 a5 28. Re5 Red8 29. Rce1 Qa7 30. g4 b5 31. g5 Nh5 32. Re7 Qb8 33. Qe3 b4 34. axb4 axb4 35. Ne2 Bf8 36. Re5 Bd6 37. Nf4 Bxe5 38. dxe5 d4 39. Qb3 Qb7 40. e6 Nxf4 41. exf7+ Kf8 42. Re8+ Bxe8 43. fxe8Q+ Kxe8 44. Qg8+ Kd7 45. Qf7+ Kc6 46. Qxf4 Qe7 47. Bb1 Qd6 48. Be4+ Kb6 49. Qf7 Rc7 50. Qa2 Ra7 51. Qc4 Qc5 52. Qe6+ Rd6 53. Qe8 Qxg5+ 54. Bg3 Qd8 55. Qe5 Rad7 56. Bd3 Rd5 57. Qe6+ R7d6 58. Qe1 Kc6 59. Qxb4 Qa5 60. Bxd6 Qa1+ 61. Kf2 Rxd6 62. Bb5+ Kd5 63. Bc4+ Kc6 64. Bb5+ Kd5 65. Qc4+ Ke5 66. Qc5+ Ke6 67. Bc4+ Kd7 68. Bb5+ Ke6 69. Qc8+ Ke5 70. Qc5+ Ke6 71. Bc4+ Kd7 72. Bb5+ Ke6 1/2-1/2

[Event "Montcada op 23rd"]
[Site "Montcada"]
[Date "2015.06.28"]
[Round "4"]
[White "Panelo Munoz, Marcelo A"]
[Black "Olivares, Francisco"]
[Result "0-1"]
[WhiteElo "2418"]
[BlackElo "2270"]
[PlyCount "72"]
[EventDate "2015.06.25"]
[EventType "swiss"]
[EventRounds "9"]
[EventCountry "ESP"]
[SourceTitle "CBM 167 Extra"]
[Source "ChessBase"]
[SourceDate "2015.09.14"]
[SourceVersion "1"]
[SourceVersionDate "2015.09.14"]
[SourceQuality "1"]

1. d4 Nf6 2. c4 e6 3. Nc3 Bb4 4. e3 0-0 5. Bd3 d5 6. Nf3 c5 7. 0-0 Nc6 8. a3 Bxc3 9. bxc3 Qc7 10. h3 dxc4 11. Bxc4 e5 12. Bb2 Bf5 13. Qe2 Rad8 14. Rfd1 Rfe8 15. Bb5 e4 16. Ne5 Nxe5 17. Bxe8 Nd3 18. Ba4 c4 19. Rab1 Rd5 20. Bc2 Bxh3 21. gxh3 Rg5+ 22. Kh1 Qd7 23. Kh2 Qd6+ 24. Kh1 Ng4 25. hxg4 Rxg4 26. Qxg4 Nxf2+ 27. Kg1 Nxg4 28. Rd2 Qg3+ 29. Rg2 Qxe3+ 30. Kh1 Nf2+ 31. Kh2 Qh3+ 32. Kg1 e3 33. Rh2 Qg3+ 34. Rg2 Nh3+ 35. Kh1 Qf3 36. Bd1 Nf2+ 0-1

[Event "Montcada op 23rd"]
[Site "Montcada"]
[Date "2015.06.27"]
[Round "3"]
[White "Olivares, Francisco"]
[Black "Cruz Estrada, Filemon"]
[Result "1-0"]
[WhiteElo "2270"]
[BlackElo "2400"]
[PlyCount "87"]
[EventDate "2015.06.25"]
[EventType "swiss"]
[EventRounds "9"]
[EventCountry "ESP"]
[SourceTitle "CBM 167 Extra"]
[Source "ChessBase"]
[SourceDate "2015.09.14"]
[SourceVersion "1"]
[SourceVersionDate "2015.09.14"]
[SourceQuality "1"]

1. d4 Nf6 2. c4 e6 3. Nc3 Bb4 4. e3 0-0 5. Bd3 d5 6. Nf3 c5 7. 0-0 dxc4 8. Bxc4 Nbd7 9. a3 Bxc3 10. bxc3 b6 11. Re1 Bb7 12. Bd3 cxd4 13. cxd4 Ne4 14. a4 Rc8 15. Ba3 Re8 16. a5 Nc3 17. Qd2 Bxf3 18. gxf3 Qg5+ 19. Kh1 Qh5 20. Be2 Nf6 21. Bb2 Nfd5 22. Ra3 Nxe2 23. Qxe2 Nb4 24. Bc3 bxa5 25. Rea1 e5 26. dxe5 Nc2 27. Qxc2 Qxf3+ 28. Kg1 Re6 29. Rd1 Qh5 30. Rd6 Rxe5 31. Qd1 Rg5+ 32. Kf1 Qh3+ 33. Ke2 Qg4+ 34. Kd2 Qg2 35. Kc1 h5 36. Rd8+ Rxd8 37. Qxd8+ Kh7 38. Rxa5 Rg4 39. Rxh5+ Kg6 40. Qd3+ Re4 41. Re5 f5 42. Qd6+ Kh7 43. Rxf5 Qf1+ 44. Kd2 1-0